Phân tích các yếu tố ảnh hưởng đến nhu cầu khách hàng sử dụng sản phẩm dịch vụ bảo hiểm liên kết ngân hàng tại ngân hàng thương mại cổ phần Công Thương Việt Nam - Chi nhánh Cần Thơ : Luận văn Thạc sĩ Kinh tế. Chuyên ngành Quản trị kinh doanh

Phân tích thực trạng sử dụng và các yếu tố ảnh hưởng đến nhu cầu sử dụng sản phẩm dịch vụ bảo hiểm liên kết ngân hàng của khách hàng cá nhân tại ngân hàng thương mại cổ phần Công Thương Việt Nam....

Disgrifiad llawn

Wedi'i Gadw mewn:
Manylion Llyfryddiaeth
Prif Awdur: Nguyễn, Thị Thanh Tâm
Fformat: Llyfr
Iaith:Undetermined
Cyhoeddwyd: Cần Thơ Trường Đại học Cần Thơ 2017
Pynciau:
Tagiau: Ychwanegu Tag
Dim Tagiau, Byddwch y cyntaf i dagio'r cofnod hwn!
Thư viện lưu trữ: Trung tâm Học liệu Trường Đại học Cần Thơ
LEADER 01323nam a2200205Ia 4500
001 CTU_224142
008 210402s9999 xx 000 0 und d
082 |a 332.12 
082 |b T120 
088 |a 60340102 
100 |a Nguyễn, Thị Thanh Tâm 
245 0 |a Phân tích các yếu tố ảnh hưởng đến nhu cầu khách hàng sử dụng sản phẩm dịch vụ bảo hiểm liên kết ngân hàng tại ngân hàng thương mại cổ phần Công Thương Việt Nam - Chi nhánh Cần Thơ : 
245 0 |b Luận văn Thạc sĩ Kinh tế. Chuyên ngành Quản trị kinh doanh 
245 0 |c Nguyễn Thị Thanh Tâm ; Lê Khương Ninh (Cán bộ hướng dẫn) 
260 |a Cần Thơ 
260 |b Trường Đại học Cần Thơ 
260 |c 2017 
520 |a Phân tích thực trạng sử dụng và các yếu tố ảnh hưởng đến nhu cầu sử dụng sản phẩm dịch vụ bảo hiểm liên kết ngân hàng của khách hàng cá nhân tại ngân hàng thương mại cổ phần Công Thương Việt Nam. 
650 |a Ngân hàng và nghiệp vụ ngân hàng,Banks and banking 
980 |a Trung tâm Học liệu Trường Đại học Cần Thơ